000
00329nam a22001457a 4500
003
CEME
005
20210628205850.0
008
210317b xxu||||| |||| 00| 0 eng d
040
_c
.
082
_a
423.91439 WAS
100
_a
Pdf
_9
56879
245
_a
Chamber 21ar century dictionary
260
_b
PDF
_c
1999
942
_c
BK
_2
ddc
999
_c
582596
_d
582596